00827nam a22002655i 450000100060000000300090000600500170001500700030003200800410003502000180007604000220009408000240011608000290014010000210016924500690019025000120025926000550027130000210032649000300034760000390037760000440041670000380046083000300049885200330052810616ES-MaACL20250316181855.0t|940603s1994 sp ||||0| spa j a84-7769-084-7 aM-BN bspa cM-BN a929 Ferraté, Joan a929 Gil de Biedma, Jaime1 aFerraté, Joan.10aJaime Gil de Biedma b: cartas y artículos / cJuan Ferraté. a1ª ed. aBarcelona : bQuaderns Crema : b[Sirmio], c1994. a222 p ; c18 cm.1 aBiblioteca general ; v1714aFerraté, Joan-vCorrespondencia.14aGil de Biedma, Jaime-vCorrespondencia.0 aGil de Biedma, Jaime, d1929-19900 aBiblioteca general ; v17 aES-MaACLjL-17951 bR.123048